Courts, judges and politics: an introduction to the judicial process. / (Record no. 1518)

MARC details
000 -LEADER
fixed length control field 01160nam a22002177a 4500
008 - FIXED-LENGTH DATA ELEMENTS--GENERAL INFORMATION
fixed length control field 120621t xxu||||| |||| 00| 0 eng d
020 ## - INTERNATIONAL STANDARD BOOK NUMBER
International Standard Book Number 0072977051
050 ## - LIBRARY OF CONGRESS CALL NUMBER
Classification number KF8700.A7 C67
100 ## - MAIN ENTRY--PERSONAL NAME
Personal name Murphy, Walter F.
245 ## - TITLE STATEMENT
Title Courts, judges and politics: an introduction to the judicial process. /
Statement of responsibility, etc. Walter F. Murphy et al...
250 ## - EDITION STATEMENT
Edition statement 6th ed.
260 ## - PUBLICATION, DISTRIBUTION, ETC.
Place of publication, distribution, etc. New York:
Name of publisher, distributor, etc. McGraw Hill,
Date of publication, distribution, etc. c2006.
300 ## - PHYSICAL DESCRIPTION
Extent xxi, 783 p.:
Dimensions 23cm.
500 ## - GENERAL NOTE
General note Includes index.
505 ## - FORMATTED CONTENTS NOTE
Formatted contents note Contents: The Nature of judging: Political jurisprudence -- Courts in constitutional democracies -- The American legal system: judicial organization -- Judicial selection and retention -- The Bar -- Judicial power: access to judicial power -- Instruments of judicial power -- Limitations on judicial power -- Judicial decision making: fact finding in the courts -- Precedents and legal reasoning -- Statutory interpretation -- Constitutional interpretation -- The Processes of judicial decision making -- The Impact of judicial decisions.
650 ## - SUBJECT ADDED ENTRY--TOPICAL TERM
Topical term following geographic name entry element Judicial process.
700 ## - ADDED ENTRY--PERSONAL NAME
Personal name Pritchett, Herman C.
700 ## - ADDED ENTRY--PERSONAL NAME
Personal name Epstein, Lee
700 ## - ADDED ENTRY--PERSONAL NAME
Personal name Knight, Jack
942 ## - ADDED ENTRY ELEMENTS (KOHA)
Source of classification or shelving scheme Library of Congress Classification
Koha item type Books
Holdings
Withdrawn status Lost status Source of classification or shelving scheme Damaged status Not for loan Home library Current library Shelving location Date acquired Total Checkouts Full call number Barcode Date last seen Copy number Price effective from Koha item type
    Library of Congress Classification     WISCONSIN INTERNATIONAL UNIVERSITY COLLEGE, GHANA - MAIN LIBRARY WISCONSIN INTERNATIONAL UNIVERSITY COLLEGE, GHANA - MAIN LIBRARY General Stacks 21/06/2012   KF8700.A7 C67 4194/12 21/06/2012 1 21/06/2012 Books
    Library of Congress Classification     WISCONSIN INTERNATIONAL UNIVERSITY COLLEGE, GHANA - MAIN LIBRARY WISCONSIN INTERNATIONAL UNIVERSITY COLLEGE, GHANA - MAIN LIBRARY General Stacks 21/06/2012   KF8700.A7 C671 4195/12 21/06/2012 2 21/06/2012 Books
    Library of Congress Classification     WISCONSIN INTERNATIONAL UNIVERSITY COLLEGE, GHANA - MAIN LIBRARY WISCONSIN INTERNATIONAL UNIVERSITY COLLEGE, GHANA - MAIN LIBRARY General Stacks 21/06/2012   KF8700.A7 C672 4196/12 21/06/2012 3 21/06/2012 Books

If you have any concerns or questions; kindly contact the library


© Powered by WIUC ICT DIRECTORATE